LEADER 04179nam 2200733Ia 450 001 9910452336203321 005 20200520144314.0 010 $a0-8014-6512-5 010 $a1-322-50299-4 010 $a0-8014-6518-4 024 7 $a10.7591/9780801465185 035 $a(CKB)2550000000100417 035 $a(OCoLC)797829082 035 $a(CaPaEBR)ebrary10559184 035 $a(SSID)ssj0001082916 035 $a(PQKBManifestationID)12500337 035 $a(PQKBTitleCode)TC0001082916 035 $a(PQKBWorkID)11101347 035 $a(PQKB)10127337 035 $a(SSID)ssj0000737360 035 $a(PQKBManifestationID)11378472 035 $a(PQKBTitleCode)TC0000737360 035 $a(PQKBWorkID)10784255 035 $a(PQKB)11167876 035 $a(MiAaPQ)EBC3138335 035 $a(OCoLC)1080550070 035 $a(MdBmJHUP)muse58404 035 $a(DE-B1597)496456 035 $a(OCoLC)1041980678 035 $a(DE-B1597)9780801465185 035 $a(Au-PeEL)EBL3138335 035 $a(CaPaEBR)ebr10559184 035 $a(CaONFJC)MIL681581 035 $a(OCoLC)922998231 035 $a(EXLCZ)992550000000100417 100 $a20031110d2002 uy 0 101 0 $aeng 135 $aurcn||||||||| 181 $ctxt 182 $cc 183 $acr 200 10$aEyewitness to a genocide$b[electronic resource] $ethe United Nations and Rwanda /$fMichael Barnett 210 $aIthaca ;$aLondon $cCornell University Press$d2002 215 $a1 online resource (232 p.) 300 $aBibliographic Level Mode of Issuance: Monograph 311 $a0-8014-3883-7 311 $a0-8014-8867-2 320 $aIncludes bibliographical references and index. 327 $tFrontmatter -- $tContents -- $tPreface -- $tIntroduction. Depraved Indifference? -- $t1. It Was a Very Good Year -- $t2. Rwanda Through Rose-Colored Glasses -- $t3. "If This Is An Easy Operation . . . " -- $t4. The Fog of Genocide -- $t5. Diplomatic Games -- $t6. The Hunt for Moral Responsibility -- $tAfterword -- $tBrief Chronology of Rwandan Conflict -- $tSelected Chronology of United Nations' Security Agenda -- $tAcknowledgments -- $tNotes -- $tIndex 330 $aWhy was the UN a bystander during the Rwandan genocide? Do its sins of omission leave it morally responsible for the hundreds of thousands of dead? Michael Barnett, who worked at the U.S. Mission to the United Nations from 1993 to 1994, covered Rwanda for much of the genocide. Based on his first-hand experiences, archival work, and interviews with many key participants, he reconstructs the history of the UN's involvement in Rwanda. In the weeks leading up to the genocide, the author documents, the UN was increasingly aware or had good reason to suspect that Rwanda was a site of crimes against humanity. Yet it failed to act. In Eyewitness to a Genocide, Barnett argues that its indifference was driven not by incompetence or cynicism but rather by reasoned choices cradled by moral considerations.Employing a novel approach to ethics in practice and in relationship to international organizations, Barnett offers an unsettling possibility: the UN culture recast the ethical commitments of well-intentioned individuals, arresting any duty to aid at the outset of the genocide. Barnett argues that the UN bears some moral responsibility for the genocide. Particularly disturbing is his observation that not only did the UN violate its moral responsibilities, but also that many in New York believed that they were "doing the right thing" as they did so. Barnett addresses the ways in which the Rwandan genocide raises a warning about this age of humanitarianism and concludes by asking whether it is possible to build moral institutions. 606 $aGenocide$zRwanda 607 $aRwanda$xHistory$yCivil War, 1994$xAtrocities 607 $aRwanda$xEthnic relations 608 $aElectronic books. 615 0$aGenocide 676 $a967.57104 700 $aBarnett$b Michael N.$f1960-$0478620 801 0$bMiAaPQ 801 1$bMiAaPQ 801 2$bMiAaPQ 906 $aBOOK 912 $a9910452336203321 996 $aEyewitness to a genocide$92488283 997 $aUNINA LEADER 03819 am 2200601 n 450 001 9910309851803321 005 20181102 010 $a979-1-03-510193-0 024 7 $a10.4000/books.psorbonne.12587 035 $a(CKB)4100000007598718 035 $a(FrMaCLE)OB-psorbonne-12587 035 $a(oapen)https://directory.doabooks.org/handle/20.500.12854/46521 035 $a(PPN)267968833 035 $a(EXLCZ)994100000007598718 100 $a20190201j|||||||| ||| 0 101 0 $afre 135 $auu||||||m|||| 181 $ctxt$2rdacontent 182 $cc$2rdamedia 183 $acr$2rdacarrier 200 10$aEntre science et nigromance $eAstrologie, divination et magie dans l?Occident médiéval (XIIe-XVe siècle) /$fJean-Patrice Boudet 210 $aParis $cÉditions de la Sorbonne$d2018 215 $a1 online resource (624 p.) 311 $a2-85944-544-7 330 $aPourquoi Michel Scot, le fameux savant de l'entourage de Frédéric II, Guido Bonatti, le plus célèbre astrologue du xiiie siècle, Asdente, un cordonnier de Parme qui abandonna son métier pour devenir prophète, et de malheureuses femmes « qui laissèrent l'aiguille, la navette et le fuseau, pour se faire devineresses et se livrer à des enchantements avec herbes et images », se retrouvent-ils condamnés ensemble à subir le châtiment des devins en marchant à rebours, la tête à l'envers, dans la quatrième bolge du huitième cercle de l'Enfer de Dante Alighieri ? C'est en partant de cette question que ce livre examine, en amont et en aval du texte de Dante, l'évolution à la fois commune et divergente de l'astrologie et des arts divinatoires et magiques durant les quatre derniers siècles du Moyen Âge occidental. Pour de nombreux clercs médiévaux et certains laïcs en quête de puissance, en effet, le xiie siècle a été celui de la découverte de nouvelles techniques de prédiction et d'un élargissement du champ d'application de la magie, le xiiie siècle celui de la quête d'une norme face à ces innovations, et les xive et xve siècles ceux de l'application de cette norme, au profit des astrologues mais aux dépens des magiciens et surtout des sorcières. Au carrefour entre l'histoire des sciences et de la magie et celle de la société et des pouvoirs, Entre science et « nigromance » met ainsi l'accent, dans une première partie consacrée aux xiie et xiiie siècles, sur le rôle des traductions dans l'évolution des savoirs astrologiques, divinatoires et magiques, sur la demande sociale et l'impulsion des cours et sur la recherche d'une norme théologique et juridique en la matière. La seconde partie examine la promotion socioculturelle et politique de la science des étoiles à la fin du Moyen Âge, celle, à un moindre degré, de la chiromancie, de la géomancie et des livres de sorts, les pratiques et rituels des magiciens et leurs motivations, le livre débouchant sur un réexamen, à nouveaux? 606 $aHistory 606 $aMedieval & Renaissance Studies 606 $aastrologie 606 $aarts divinatoires 606 $acercle de l'Enfer 606 $amagie 606 $anigromance 606 $aDivine Comédie 610 $aastrologie 610 $amagie 610 $anigromance 610 $aarts divinatoires 610 $aDivine Comédie 610 $acercle de l'Enfer 615 4$aHistory 615 4$aMedieval & Renaissance Studies 615 4$aastrologie 615 4$aarts divinatoires 615 4$acercle de l'Enfer 615 4$amagie 615 4$anigromance 615 4$aDivine Comédie 700 $aBoudet$b Jean-Patrice$0480446 801 0$bFR-FrMaCLE 906 $aBOOK 912 $a9910309851803321 996 $aEntre science et nigromance$9257466 997 $aUNINA